00331nam a2200145Ia 4500003000900000008004100009040001300050040001300063245005700076245001100133250001200144260001500156300000800171490000600179IT-RoPAU120407s9999 xx 000 0 und d aIT-RoPAU cIT-RoPAU aLa penitenza. Dottrina, storia catechesi e pastorale cAA.VV. aTorino  aElle Di Ci c cm v1